| 000 | 00909nac a22002171u 4500 | ||
|---|---|---|---|
| 010 | _a 2003536599 | ||
| 020 | _a075067721X | ||
| 082 | 0 | 0 |
_a665.53 _bP236 |
| 090 |
_c2403 _d2403 |
||
| 100 | _aParkash, Surinder. | ||
| 245 | 1 | 0 |
_aRefining processes handbook / _cSurinder Parkash. |
| 260 |
_aBurlington,MA. : _bGulf Professional Pub.,2003 _c2003. |
||
| 300 |
_axiv, 712 p. : _bill. ; _c24 cm. |
||
| 500 | _aIncludes index. | ||
| 650 | 0 |
_aPetroleum _xRefining. |
|
| 856 | 4 | 2 |
_3Publisher description _uhttp://www.loc.gov/catdir/description/els041/2003536599.html |
| 856 | 4 | 2 |
_3Table of contents _uhttp://www.loc.gov/catdir/toc/els041/2003536599.html |
| 856 | 4 | 2 |
_3Book review (E-STREAMS) _uhttp://www.e-streams.com/es0710/es0710_3613.html |
| 942 |
_cBB _k665.53 P236 |
||
| 999 |
_c2403 _d2403 |
||